345 câu khẩu ngữ tiếng Hán Tập 3 Textbook

Đã lưu trong:
Bibliografiske detaljer
Hovedforfatter: Trần, Hiền Thần (Chủ biên)
Format: Bog
Udgivet: Hà Nội Thời Đại 2014
Fag:
Tags: Tilføj Tag
Ingen Tags, Vær først til at tagge denne postø!
Thư viện lưu trữ: Trung tâm Học liệu Lê Vũ Hùng, Trường Đại học Đồng Tháp
LEADER 00834pam a22002418a 4500
001 00040659
005 20171227161212.0
008 161209s2014 ||||||Chisd
020 # # |c 112000  |a 9786049423062 
041 0 # |a Chi-Vie 
082 1 4 |a 495.1  |b B100TR 
100 1 # |a Trần, Hiền Thần  |e Chủ biên 
245 1 0 |a 345 câu khẩu ngữ tiếng Hán  |c Trần Hiền Thần (ch.b)  |n Tập 3  |p Textbook 
246 2 1 |a 345 spoken Chinese expressions 
260 # # |b Thời Đại  |c 2014  |a Hà Nội 
300 # # |a 132 tr  |c 27 cm  |e 1 CD 
653 # # |a Khẩu ngữ 
653 # # |a Ngôn ngữ 
653 # # |a Tiếng Hoa 
653 # # |a Tự học 
852 # # |j KM.0023966  |j KM.0023967  |j KD.0022973 
910 |d 27/12/2017 
980 # # |a Trung tâm Học liệu Lê Vũ Hùng, Trường Đại học Đồng Tháp